000 00567nam a22002177a 4500
003 OSt
005 20140310181736.0
008 130320t xxu||||| |||| 00| 0 eng d
020 _a8171694829
050 _aZ 695
_b.D533 1997
082 _aTR 025.3
_bD53 1997
245 _aLibrary cataloguing strategies/
_cK.S. Dhawan
260 _aNew Delhi :
_bCommonwealth Publishers,
_cc1997.
300 _a229 p.
_c22 cm.
500 _aIncludes index.
520 _a1. Cataloging.
521 _aFaculty
541 _j1
562 _e1
942 _2lcc
_cBK-TR
_kTR
999 _c2583
_d2583